Space Telescopes - Statistics

General Stats
  • This quiz has been taken 21 times
  • The average score is 3 of 10
Answer Stats
Wavelength Answer % Correct
Visible Hubble Space Telescope
100%
Infrared James Webb Space Telescope
88%
X-Ray Chandra X-ray Observatory
53%
UV-Visible Kepler
29%
Infrared Spitzer Space Telescope
29%
Gamma Fermi Gamma-ray Space Telescope
18%
Radio Spektr-R (RadioAstron)
6%
Ultraviolet Galaxy Evolution Explorer (GALEX)
0%
Gamma Nuclear Spectroscopic Telescope Array (NuSTAR)
0%
Gamma Swift Gamma Ray Burst Explorer
0%
No matching quizzes found
Score Distribution
Percent of People with Each Score
Percentile by Number Answered
Your Score History
You have not taken this quiz